Cyclisme-Coureurs victorieux en World Tour en 2024 - Statistiques

Statistiques générales
  • Ce quiz a été pris 206 fois
    139 depuis la dernière actualisation
  • Le résultat moyen est 41 sur 79
Statistiques - réponses
Nb de victoires Equipe Nationalité Coureurs Equipe en 2025 % Correct
23 UAE Team Emirates Slovénie Tadej Pogacar UAE Team Emirates
100%
8 Red Bull - BORA - Hansrgohe Slovénie Primoz Roglic Red Bull - BORA - Hansrgohe
99%
7 Alpecin-Deceuninck Belgique Jasper Philipsen Alpecin-Deceuninck
86%
5 Team Visma | Lease a Bike Danemark Jonas Vingegaard Team Visma | Lease a Bike
86%
3 Intermarché - Wanty Erythrée Biniam Girmay Intermarché - Wanty
83%
7 Soudal Quick-Step Belgique Tim Merlier Soudal Quick-Step
83%
4 UAE Team Emirates Royaume-Uni Adam Yates UAE Team Emirates
81%
7 Lidl-Trek Italie Jonathan Milan Lidl-Trek
81%
3 Alpecin-Deceuninck Pays-Bas Mathieu Van der Poel Alpecin-Deceuninck
79%
3 Soudal Quick-Step Belgique Remco Evenepoel Soudal Quick-Step
79%
3 Ineos Grenadiers Espagne Carlos Rodriguez Ineos Grenadiers
78%
2 UAE Team Emirates Portugal Joao Almeida UAE Team Emirates
77%
7 Team Visma | Lease a Bike Pays-Bas Olav Kooij Team Visma | Lease a Bike
76%
3 Team Visma | Lease a Bike Belgique Wout Van Aert Team Visma | Lease a Bike
75%
2 EF Education - EasyPost Equateur Richard Carapaz EF Education - EasyPost
74%
3 UAE Team Emirates Etats-Unis Brandon McNulty UAE Team Emirates
73%
2 UAE Team Emirates Espagne Juan Ayuso UAE Team Emirates
73%
1 Soudal Quick-Step France Julian Alaphilippe Tudor Pro Cycling Team
70%
2 UAE Team Emirates Suisse Marc Hirschi Tudor Pro Cycling Team
70%
1 Team dsm-firmenich PostNL France Romain Bardet Team dsm-firmenich PostNL
70%
3 Alpecin-Deceuninck Australie Kaden Groves Alpecin-Deceuninck
68%
2 Decathlon AG2R La Mondiale Team Australie Ben O'Connor Team Jayco AlUa
66%
2 Lidl-Trek Danemark Mads Pedersen Lidl-Trek
66%
1 Groupama-FDJ Suisse Stefan Küng Groupama-FDJ
62%
2 Team Visma | Lease a Bike Etats-Unis Matteo Jorgenson Team Visma | Lease a Bike
61%
1 Astana Qazaqstan Team Royaume-Uni Mark Cavendish Retraite
59%
1 Red Bull - BORA - Hansrgohe Russie Aleksandr Vlasov Red Bull - BORA - Hansrgohe
58%
1 Ineos Grenadiers Italie Filippo Ganna Ineos Grenadiers
58%
1 UAE Team Emirates Mexique Isaac Del Toro UAE Team Emirates
58%
1 Lotto-Dstny Belgique Arnaud De Lie Lotto
57%
1 Bahrain - Victorious Colombie Santiago Buitrago Bahrain - Victorious
57%
2 UAE Team Emirates Belgique Tim Wellens UAE Team Emirates
57%
1 Arkea - B&B Hotels France Kévin Vauquelin Arkea - B&B Hotels
56%
1 Alpecin-Deceuninck France Axel Laurance Ineos Grenadiers
55%
1 Ineos Grenadiers Equateur Jhonatan Narvaez UAE Team Emirates
55%
1 TotalEnergies France Anthony Turgis TotalEnergies
53%
1 Groupama - FDJ France Romain Grégoire Groupama - FDJ
51%
5 Lidl-Trek Belgique Thibau Nys Lidl-Trek
51%
2 Team Jayco AlUla Irlande Eddie Dunbar Team Jayco AlUla
50%
1 Team Visma | Lease a Bike Slovénie Jan Tratnik Red Bull - BORA - Hansrgohe
50%
4 Lotto-Dstny Belgique Lennert Van Eetvelt Lotto
50%
1 Ineos Grenadiers Royaume-Uni Tom Pidcock Q36.5 Pro Cycling Team
50%
1 Decathlon AG2R La Mondiale Team France Valentin Paret-Peintre Soudal Quick-Step
50%
2 Decathlon AG2R La Mondiale Team France Dorian Godon Decathlon AG2R La Mondiale Team
49%
1 Lotto-Dstny Belgique Victor Campenaerts Team Visma | Lease a Bike
49%
1 Groupama - FDJ Nouvelle-Zélande Laurence Pithie Red Bull - BORA - Hansrgohe
48%
1 Decathlon AG2R La Mondiale Team Italie Andrea Vendrame Decathlon AG2R La Mondiale Team
47%
2 Equipo Kern Pharma Espagne Pablo Castrillo Movistar Team
47%
3 Israel - Premier Tech Royaume-Uni Stephen Williams Israel - Premier Tech
47%
1 Cofidis France Bryan Coquard Cofidis
46%
1 Israel - Premier Tech Canada Michael Woods Israel - Premier Tech
46%
1 Bahrain - Victorious Allemagne Phil Bauhaus Bahrain - Victorious
45%
3 Red Bull - BORA - Hansrgohe Australie Sam Welsford Red Bull - BORA - Hansrgohe
43%
1 Israel - Premier Tech Canada Derek Gee Israel - Premier Tech
42%
1 Intermarché - Wanty Afrique du Sud Louis Meintjes Intermarché - Wanty
42%
1 Lotto-Dstny Belgique Maxim Van Gils Red Bull - BORA -Hansgrohe
42%
1 Uno-X Mobility Danemark Magnus Cort Uno-X Mobility
41%
1 Team dsm-firmenich PostNL Royaume-Uni Oscar Onley Team dsm-firmenich PostNL
41%
1 Team Jayco AlUla Pays-Bas Dylan Groenewegen Team Jayco AlUla
40%
1 Lidl-Trek Danemark Mattias Skjelmose Lidl-Trek
40%
1 Team Jayco AlUla Australie Michael Matthews Team Jayco AlUla
37%
1 Decathlon AG2R La Mondiale Team France Paul Lapeira Decathlon AG2R La Mondiale Team
37%
1 Team dsm-firmenich PostNL République Tchèque Pavel BIttner Team dsm-firmenich PostNL
37%
1 EF Education - EasyPost Pays-Bas Marijn Van den Berg EF Education - EasyPost
35%
1 Tudor Pro Cycling Team Pays-Bas Arvid De Kleijn Tudor Pro Cycling Team
31%
1 Cofidis France Benjamin Thomas Cofidis
28%
1 EF Education - EasyPost Allemagne Georg Steinhauser EF Education - EasyPost
27%
1 Bahrain - Victorious Slovénie Matevz Govekar Bahrain - Victorious
27%
1 Soudal Quick-Step Belgique Yves Lampaert Soudal Quick-Step
27%
2 Israel - Premier Tech Royaume-Uni Ethan Vernon Israel - Premier Tech
26%
1 Bahrain - Victorious Norvège Torstein Træen Bahrain - Victorious
21%
1 Equipo Kern Pharma Espagne Urko Berrade Equipo Kern Pharma
20%
1 Lotto-Dstny Belgique Alec Segaert Lotto
17%
1 Tudor Pro Cycling Team Pays-Bas Maikel Zijlaard Tudor Pro Cycling Team
17%
1 Alpecin-Deceuninck Belgique Quinten Hermans Alpecin-Deceuninck
17%
1 Movistar Team Espagne Pelayo Sanchez Movistar Team
16%
1 Israel - Premier Tech Australie Nick Schultz Israel - Premier Tech
12%
1 Lotto-Dstny Belgique Lionel Taminiaux Lotto
10%
1 Soudal Quick-Step Belgique Warre Vangheluwe Soudal Quick-Step
9%
Aucun quiz correspondant
Distribution des résultats
% des personnes avec chaque résultat
Percentile par nombre de réponses
Votre historique - résultats
Vous n’avez pas pris ce quiz depuis la dernière actualisation